Văn hiến Việt Nam từ Thăng Long - Hà Nội đến Sài gòn - TP Hồ Chí Minh /
Guardat en:
| Autor principal: | |
|---|---|
| Format: | Article |
| Idioma: | Vietnamese |
| Matèries: | |
| Etiquetes: |
Afegir etiqueta
Sense etiquetes, Sigues el primer a etiquetar aquest registre!
|
| Thư viện lưu trữ: | Thư viện Trường Đại học Đà Lạt |
|---|
| LEADER | 01000nam a2200361 4500 | ||
|---|---|---|---|
| 001 | DLU040028596 | ||
| 040 | # | # | |a DLU |b vie |
| 041 | # | # | |a vie |
| 044 | # | # | |a vn |
| 100 | # | # | |a Vũ Khiêu. |
| 245 | # | # | |a Văn hiến Việt Nam từ Thăng Long - Hà Nội đến Sài gòn - TP Hồ Chí Minh / |c Vũ Khiêu. |
| 651 | # | # | |a Hà Nội |
| 651 | # | # | |a Sài gòn |
| 651 | # | # | |a Thành phố Hồ Chí Minh |
| 653 | # | # | |a Hội thảo khoa học |
| 653 | # | # | |a Thăng Long |
| 653 | # | # | |a Văn hóa truyền thống |
| 653 | # | # | |a Văn hiến |
| 773 | # | # | |t Tạp chí Khoa học Xã hội Việt Nam |g Số 39, 1999, tr. 22-25 |
| 920 | # | # | |a Phòng Tạp chí -- Trung tâm Thông tin - Thư viện Trường Đại học Đà Lạt |
| 933 | # | # | |a DL |
| 933 | # | # | |a DP |
| 933 | # | # | |a LS |
| 933 | # | # | |a VN |
| 933 | # | # | |a XH |
| 994 | # | # | |a DLU |
| 900 | # | # | |a True |
| 911 | # | # | |a Nguyễn Thị Minh Cầm |
| 925 | # | # | |a G |
| 926 | # | # | |a A |
| 927 | # | # | |a BB |
| 980 | # | # | |a Thư viện Trường Đại học Đà Lạt |